国家一级博物馆(华东北部篇)China national first-class museums - Statistics

General Stats
  • This quiz has been taken 27 times
    18 since last reset
  • The average score is 36 of 59
Answer Stats
省份 地市 国家一级博物馆 % Correct
江苏 ** 南京博物院
100%
江苏 ** 苏州博物馆
100%
江苏 ** 南京市博物总馆
100%
江苏 ** 扬州博物馆
94%
江苏 ** 常州博物馆
94%
江苏 ** 淮安市博物馆
94%
山东 ** 青岛市博物馆
94%
江苏 ** 南通博物苑
88%
江苏 ** 无锡博物院
88%
江苏 ** 徐州博物馆
88%
江苏 ** 镇江博物馆
88%
江苏 ** 连云港市博物馆
88%
安徽 合肥 安徽博物院
88%
山东 济南 山东博物馆
88%
山东 ** 烟台市博物馆
88%
山东 ** 潍坊市博物馆
88%
江苏 ** 盐城市博物馆
82%
江苏 扬州 扬州中国大运河博物馆
82%
安徽 ** 蚌埠市博物馆
76%
安徽 ** 安庆博物馆
76%
山东 ** 济南市博物馆
76%
山东 ** 济宁市博物馆
76%
山东 ** 临沂市博物馆
76%
山东 ** 淄博市博物馆
76%
山东 ** 日照市博物馆
76%
山东 ** 德州市博物馆
76%
山东 ** 枣庄市博物馆
76%
安徽 ** 淮北市博物馆
71%
江苏 南京 侵华日军南京大屠杀遇难同胞纪念馆
65%
安徽 黄山 安徽中国徽州文化博物馆
65%
安徽 ** 阜阳博物馆
65%
江苏 南京 南京中国科举博物馆
59%
安徽 ** 宿州市博物馆
59%
山东 威海 中国甲午战争博物馆
59%
山东 青岛 青岛啤酒博物馆
59%
山东 济宁 孔子博物馆
53%
山东 济南 济南市章丘区博物馆
47%
山东 淄博 齐文化博物院
47%
江苏 南京 雨花台烈士纪念馆
41%
江苏 淮安 周恩来纪念馆
41%
安徽 淮南 安徽楚文化博物馆
41%
山东 潍坊 青州博物馆
41%
山东 聊城 聊城中国运河文化博物馆
41%
江苏 苏州 常熟博物馆
35%
江苏 苏州 苏州市吴中区博物馆
35%
安徽 合肥 安徽省地质博物馆
35%
山东 枣庄 山东省滕州市博物馆
35%
山东 烟台 张裕酒文化博物馆
29%
山东 青岛 青岛德国总督楼旧址博物馆
29%
山东 淄博 蒲松龄纪念馆
29%
山东 济南 山东大学博物馆
24%
山东 青岛 青岛山炮台遗址展览馆
24%
山东 淄博 淄博市陶瓷博物馆
24%
山东 枣庄 滕州市汉画像石馆
24%
山东 青岛 中国人民解放军海军博物馆
24%
山东 潍坊 临朐县博物馆
24%
山东 济宁 邹城博物馆
24%
江苏 盐城 新四军纪念馆
18%
山东 青岛 青岛海洋科技馆
18%
No matching quizzes found
Score Distribution
Percent of People with Each Score
Percentile by Number Answered
Your Score History
You have not taken this quiz since the last reset